000 00707nam a2200229 i 4500
001 18121
003 ES-MaACL
005 20230906151749.0
007 t|
008 010822s1995 ag ||||1| spa d
020 _a950-786-017-7
080 _a81:1
080 _a1 Derrida, Jacques
100 1 _aFerro, Roberto.
_950597
245 1 0 _aEscritura y desconstrucción
_b: lectura (h)errada con Jacques Derrida /
_cRoberto Ferro.
260 _aBuenos Aires :
_bBiblos,
_c[1995]
300 _a178 p. ;
_c23 cm.
600 1 4 _aDerrida, Jacques-
_vCrítica e interpretación.
_943798
650 4 _aLenguaje-
_xFilosofía.
_914344
650 1 4 _aDeconstrucción.
_911540
852 _aES-MaACL
_jL-24849
_bR.130182
999 _c18121
_d18121